Normal view
MARC view
- George Coulouris ,Jean Dollimore
Entry Personal Name
001 - CONTROL NUMBER
- control field: 123418
003 - CONTROL NUMBER IDENTIFIER
- control field: NUST
005 - DATE AND TIME OF LATEST TRANSACTION
- control field: 20240610172957.0
008 - FIXED-LENGTH DATA ELEMENTS
- fixed length control field: 240610|| aca||aabn | a|a d
040 ## - CATALOGING SOURCE
- Original cataloging agency: NUST
- Transcribing agency: NUST
100 ## - HEADING--PERSONAL NAME
- Personal name: George Coulouris ,Jean Dollimore
670 ## - SOURCE DATA FOUND
- Source citation: Work cat.: (NUST): George Coulouris ,Jean Dollimore, Distributed Systems Concepts and Design, 2005.
